[Event "Latin Cup"]
[Site "Montevideo"]
[Date "2011.11.06"]
[Round "9"]
[White "Casas, Nicolas"]
[Black "Diaz Ibanez, Jorge Livi"]
[Result "1/2-1/2"]
[WhiteElo "1811"]
[BlackElo "1751"]
[PlyCount "83"]
[EventDate "2011.11.01"]
[EventType "swiss"]
[EventRounds "9"]
[EventCountry "URU"]
[SourceTitle "EXT 2012"]
[Source "ChessBase"]
[SourceDate "2011.11.24"]
[SourceVersion "1"]
[SourceVersionDate "2011.11.24"]
[SourceQuality "1"]

1. d4 d5 2. c4 Nf6 3. Nf3 Bf5 4. Bg5 e6 5. Nc3 Be7 6. cxd5 Nxd5 7. Nxd5 exd5 8. Bxe7 Qxe7 9. e3 Nd7 10. Be2 Be4 11. 0-0 0-0 12. Nd2 Bg6 13. Qb3 Nb6 14. Rac1 c6 15. a4 Rab8 16. a5 Nd7 17. Bd3 Qd6 18. Qc3 Rfe8 19. a6 Rec8 20. axb7 Rc7 21. Bxg6 Qxg6 22. Nb3 Rbxb7 23. Na5 Rb6 24. b4 Nb8 25. Rb1 Qd6 26. Rfc1 a6 27. e4 f6 28. e5 fxe5 29. dxe5 Qe6 30. f4 Nd7 31. Nb3 Rcb7 32. Nd4 Qe7 33. Nxc6 Qf7 34. Nd8 Qe7 35. Nxb7 Rxb7 36. Qc8+ Nf8 37. Qc6 d4 38. Qd5+ Kh8 39. Qxd4 h6 40. Rc8 Kh7 41. Rxf8 Qxf8 42. Qe4+ 1/2-1/2

[Event "Latin Cup"]
[Site "Montevideo"]
[Date "2011.11.05"]
[Round "7"]
[White "Ligato, Guillermo Fernando"]
[Black "Diaz Ibanez, Jorge Livi"]
[Result "0-1"]
[WhiteElo "1789"]
[BlackElo "1751"]
[PlyCount "96"]
[EventDate "2011.11.01"]
[EventType "swiss"]
[EventRounds "9"]
[EventCountry "URU"]
[SourceTitle "EXT 2012"]
[Source "ChessBase"]
[SourceDate "2011.11.24"]
[SourceVersion "1"]
[SourceVersionDate "2011.11.24"]
[SourceQuality "1"]

1. Nf3 Nc6 2. b3 d5 3. h3 Nf6 4. Bb2 Bf5 5. d3 e6 6. a3 Bc5 7. Nh4 Bg6 8. Nxg6 fxg6 9. Nd2 0-0 10. Nf3 Qe7 11. b4 Bb6 12. e3 e5 13. b5 Ba5+ 14. c3 Nd8 15. Qa4 b6 16. Qb3 Nf7 17. 0-0-0 Rac8 18. Kb1 c5 19. c4 d4 20. e4 Nh5 21. Bc1 Ra8 22. Be2 a6 23. bxa6 Rxa6 24. Nh2 Nf4 25. Bf1 Rb8 26. g3 Ne6 27. f4 Qd7 28. Qb5 Qb7 29. f5 Nd6 30. fxe6 Nxb5 31. cxb5 Ra7 32. Ng4 Qc7 33. h4 Qd6 34. Bh3 Rba8 35. Rhf1 Bc3 36. Nxe5 Qxe5 37. Bf4 Qh5 38. g4 Qxh4 39. Rf3 Qe7 40. g5 Rxa3 41. Kc2 Ra2+ 42. Kb3 Rb2+ 43. Kc4 Qd8 44. Bd6 Qxd6 45. Rf8+ Kxf8 46. Rf1+ Kg8 47. Rf8+ Kxf8 48. e7+ Kxe7 0-1